000 00307nas a22001337a 4500
003 OSt
005 20240514153930.0
008 240514b |||||||| |||| 00| 0 eng d
022 _a0377-7537
040 _cMRSPTU
245 _aMan Made Textiles In India
260 _aMumbai
_bSASMIRA
942 _2ddc
_cPR
_n0
_s1
999 _c10275
_d10275